|
|
|
|
| LEADER |
00000nab a2200000 a 4500 |
| 001 |
vtls000861797 |
| 003 |
SK-MaSNL |
| 005 |
20260304171004.0 |
| 008 |
141122c2003 xo 0 cze |
| 015 |
|
|
|a SNBRB2004/02-04863
|
| 035 |
|
|
|a CLN000213387
|
| 040 |
|
|
|a SNKBUCL
|b slo
|c SNKBUCL
|e AACR2
|
| 041 |
0 |
|
|a cze
|
| 044 |
|
|
|a xo
|c SK
|
| 080 |
|
|
|a 616.36-002:616.988(048.3)
|2 1997
|
| 100 |
1 |
|
|a Vaverková, Renata
|4 aut
|9 1499045
|
| 245 |
1 |
0 |
|a Naše první zkušenosti s vyšetřováním hepatitidy E
|c Renata Vaverková, Zdeňka Haasová, Jaroslava Pejčochová
|
| 650 |
0 |
7 |
|a hepatitída E
|2 MESH
|9 1441689
|
| 650 |
0 |
7 |
|a vírusové choroby
|2 MESH
|9 949
|
| 650 |
0 |
7 |
|a abstrakty
|2 MESH
|9 90504
|
| 655 |
|
7 |
|a články z novín a časopisov
|2 snkbucl
|9 267496
|
| 700 |
1 |
|
|a Haasová, Zdeňka
|4 aut
|9 1227927
|
| 700 |
1 |
|
|a Pejčochová, Jaroslava
|4 aut
|9 1227926
|
| 773 |
0 |
|
|t Správy klinickej mikrobiológie
|g Roč. 3, supl. B (2003), s. 45
|x 1335-8219
|
| 850 |
|
|
|a Slovenská národná knižnica v Martine
|
| 852 |
|
|
|a SNK
|b KIS3GCP
|
| 958 |
|
|
|a MI
|
| 999 |
|
|
|c 2990959
|d 2992889
|